| 000 | 01020cam a22003135a 4500 | ||
|---|---|---|---|
| 001 | 39502 | ||
| 005 | 20230411085955.0 | ||
| 008 | 060707s2006 my a b 001 0 eng | ||
| 035 | _a(DLC)14440465 | ||
| 035 | _a(DLC)2006343031 | ||
| 035 | _a14440465 | ||
| 925 | 0 |
_aacquire _b1 shelf copy _xpolicy default |
|
| 942 |
_2lcc _cbk |
||
| 010 | _a 2006343031 | ||
| 020 | _a9679789209 | ||
| 020 | _a9679789322 (p. [4] of cover) | ||
| 040 |
_aDLC _cDLC _dDLC |
||
| 042 | _alcode | ||
| 043 | _aa-my--- | ||
| 097 | 0 | 0 |
_a422 DS 595.2 _bS562m 2006 |
| 100 | 0 |
_aShukor Omar, Mohd, _d1951- |
|
| 245 | 1 | 0 |
_aMalay business : _brevivalism through entrepreneurship / _cShukor Omar. |
| 260 |
_aSubang Jaya, Selangor, Malaysia : _bPelanduk Publications, _cc2006. |
||
| 300 |
_a198 p. : _bill. ; _c23 cm. |
||
| 504 | _aIncludes bibliographical references (p. 191-195) and index. | ||
| 650 | 0 |
_aMalays (Asian people) _zMalaysia _xEconomic conditions. |
|
| 650 | 0 |
_aMalays (Asian people) _zMalaysia _xAttitutes. |
|
| 985 | _eODE-jk | ||
| 999 |
_c110290 _d110290 |
||